| 000 | 00000cam 2200000zi 4500 |
| 001 | 9.557950 |
| 003 | CaOODSP |
| 005 | 20250410165338 |
| 007 | cr ||||||||||| |
| 008 | 150406s2001||||xxc|||||o f|0| 0 eng d |
| 020 | |a0-662-31016-0 |
| 022 | |a1205-9153 |
| 040 | |aCaOODSP|beng |
| 043 | |an-cn--- |
| 086 | 1 |aCS11-0019/174E-PDF|zCS11-0019/174E-IN |
| 100 | 1 |aBaldwin, John R. |eauthor.|q(John Russel) |
| 245 | 00|aImpact of the adoption of advanced information and communication technologies on firm performance in the Canadian manufacturing sector / |cby John R. Baldwin and David Sabourin. |
| 260 | |aOttawa, Ontario : |bStatistics Canada, |cOctober 2001. |
| 300 | |a1 online resource (40 pages) : |bgraphs, references, tables. |
| 336 | |atext|btxt|2rdacontent |
| 337 | |acomputer|bc|2rdamedia |
| 338 | |aonline resource|bcr|2rdacarrier |
| 490 | 1 |aAnalytical Studies Branch research paper series ; |x1205-9153|vNo. 174 |
| 500 | |aThe ISSN (1200-5233) for the print edition has been incorrectly copied in this electronic publication. |
| 520 | 3 |a"This paper investigates the evolution of the industrial structure in the Canadian manufacturing sector and its relationship to technological change by examining the take-up of advanced technologies and how it is related to the stochastic growth process in the plant population"--Abstract. |
| 590 | |a12-37-Supp|b2012-09-24 |
| 710 | 2 |aStatistics Canada, |eissuing body. |
| 775 | 08|tImpact de l'adoption des technologies de l'information et des communications de pointe sur la performance des entreprises du secteur de la fabrication au Canada / |w(CaOODSP)9.590950 |
| 776 | 0#|tImpact of the adoption of advanced information and communication technologies on firm performance in the Canadian manufacturing sector / |w(CaOODSP)9.615737 |
| 830 | #0|aResearch paper series (Statistics Canada. Analytical Studies Branch)|x1205-9153|vNo. 174|w(CaOODSP)9.504421 |
| 856 | 40|ahttp://publications.gc.ca|qPDF|s250 KB|uhttps://publications.gc.ca/collections/Collection/CS11-0019-174E.pdf|yNo. 174 |